• 首页
  • 本馆介绍
  • 公告通知
  • 最新文献
  • 馆藏检索
  • 电子资源
  • 读者荐购
  • 参考咨询
  • CALIS
  • 我的图书馆
  • 登录
  • 详细信息显示
  • 放入我的书架
  • 预约/预借图书
  • 作者相关作品
  • 分类相关作品
  • 丛书相关作品
  • 出版社相关作品

书目信息

  • 表格格式
  • 工作单格式
  • 卡片格式
题名:
土木工程材料
    
 
作者: 陈忠购 , 付传清 主编
分册:  
出版信息: 北京   中国水利水电出版社  2020.01
页数: 275页
开本: 26cm
丛书名:
单 册:
中图分类: TU5
科图分类:
主题词: 土木工程--tu mu gong cheng--建筑材料--高等教育--教材
电子资源:
ISBN: 978-7-5170-8104-3
 
 
 
 
 
000 00972nam0 2200265 450
001 2050333486
005 20201107135859.41
010    @a978-7-5170-8104-3@dCNY49.00
100    @a20200420d2020 em y0chiy50 ea
101 0  @achi
102    @aCN@b110000
105    @aak a 000yy
200 1  @a土木工程材料@Atu mu gong cheng cai liao@f主编陈忠购, 付传清
205    @a第2版
210    @a北京@c中国水利水电出版社@d2020.01
215    @a275页@c图@d26cm
320    @a有书目
330    @a本教材主要介绍了土木工程常用建筑材料的基本组成、材料性能、质量要求及检验方法等。全书共13章, 内容为: 绪论, 土木工程材料的基本性质, 无机气硬性胶凝材料, 水泥, 混凝土, 建筑砂浆, 金属材料, 沥青及沥青混合料等。
333    @a普通高等教育“十三五”教材
606 0  @a土木工程@Atu mu gong cheng@x建筑材料@x高等教育@j教材
690    @aTU5@v5
701  0 @a陈忠购@Achen zhong gou@4主编
701  0 @a付传清@Afu chuan qing@4主编
801  0 @aCN@b人天书店@c20201001
905    @aZUCC@dTU5@eC651
    
    土木工程材料/主编陈忠购, 付传清.-第2版.-北京:中国水利水电出版社,2020.01
    275页:图;26cm
    使用对象:普通高等教育“十三五”教材
    
    ISBN 978-7-5170-8104-3:CNY49.00
    本教材主要介绍了土木工程常用建筑材料的基本组成、材料性能、质量要求及检验方法等。全书共13章, 内容为: 绪论, 土木工程材料的基本性质, 无机气硬性胶凝材料, 水泥, 混凝土, 建筑砂浆, 金属材料, 沥青及沥青混合料等。
●
相关链接 在E读中查询图书 在当当中查询图书 在豆瓣中查询图书


正题名:土木工程材料     索取号:TU5/C651         预约/预借

序号 登录号 条形码 馆藏地/架位号 状态 备注
1 1485583   214855833   建筑库201/201建筑库 1排2列1层/ [索取号:TU5/C651] 在馆    
2 1485584   214855842   建筑库201/201建筑库 1排2列1层/ [索取号:TU5/C651] 在馆    
河南城建学院图书馆 欢迎您!
大连网信软件有限公司© 版权所有